Score 0/18 Timer 02:00
2 Plays Today
Comedy Duo Missing Word % Correct
Beavis & ________Butthead
95.6%
_____ & CherSonny
87.3%
____ & ErnieBert
83.8%
______ & ChongCheech
82.2%
Abbott & ________Costello
77.9%
Penn & ______Teller
72.5%
Harold & _____Kumar
70.1%
______ & HardyLaurel
60%
Smothers ________Brothers
58.9%
Comedy Duo Missing Word % Correct
_____ & KelKenan
54.8%
____ & AndyAmos
39.2%
______ & LewisMartin
33%
Burns & _____Allen
26.7%
_____ & MartinRowan
26.3%
Edgar Bergen & _______ McCarthyCharlie
21.9%
_____ & EydieSteve
19.2%
Fry & ______Laurie
19%
Morecambe & ____Wise
13.6%

Today's Daily Dose

Remove Ads.
Support Sporcle.
Get the best of Sporcle when you Go Orange. This ad-free experience offers more features, more stats, and more fun while also helping to support Sporcle. Thank you for becoming a member.

You're not logged in!

Compare scores with friends on all Sporcle quizzes.
OR
Log In

Show Comments

Extras

Top Quizzes Today


Score Distribution

Your Account Isn't Verified!

In order to create a playlist on Sporcle, you need to verify the email address you used during registration. Go to your Sporcle Settings to finish the process.

Report this User

Report this user for behavior that violates our Community Guidelines.

Details: